Parallel play : a guide to playground exercise /

Bibliographic Details
Main Author: Dinkin, Eleanor
Other Authors: Urbont, Rosalind
Format: Book
Language:English
Published: Chicago : Nelson-Hall, [1978]
Subjects:

MARC

Tag First Indicator Second Indicator Subfields
LEADER 00000pam a2200000 a 4500
001 in00000097566
005 20150924085237.0
008 781004s1978 ilua b 00110 engm
010 |a  78023450  
020 |a 0882294245 
020 |a 0882296000 (pbk.) 
035 |a (OCoLC)04494009 
035 |9 AAK9189AM 
040 |a DLC  |c DLC  |d TXA  |d UtOrBLW 
049 |a TXAM  |c [952419] 
050 0 0 |a GV505  |b  D5 
082 0 |a 613.7 
100 1 |a Dinkin, Eleanor. 
245 1 0 |a Parallel play :  |b a guide to playground exercise /  |c Eleanor Dinkin, Rosalind Urbont. 
264 1 |a Chicago :  |b Nelson-Hall,  |c [1978] 
264 4 |c ©1978 
300 |a ix, 169 pages :  |b illustrations ;  |c 23 cm. 
336 |a text  |b txt  |2 rdacontent 
337 |a unmediated  |b n  |2 rdamedia 
338 |a volume  |b nc  |2 rdacarrier 
500 |a Includes index. 
504 |a Bibliography: pages 163-164. 
650 0 |a Exercise. 
650 0 |a Playgrounds. 
700 1 |a Urbont, Rosalind. 
999 |a MARS 
999 f f |s b49a8cdd-aed4-30cf-b307-29470a3c60d9  |i d2698d28-e561-3513-91f2-07c7e9fd1b78  |t 0 
952 f f |p ric  |a Texas A&M University  |b Rellis Campus  |c Joint Library Facility  |d Remote Storage  |t 0  |e GV505 D5  |h Library of Congress classification  |i unmediated -- volume  |m A14806020128 
998 f f |a GV505 D5  |t 0  |l Remote Storage